| 000 | 00357nam a2200145Ia 4500 | ||
|---|---|---|---|
| 008 | 230917s9999||||xx |||||||||||||| ||und|| | ||
| 040 |
_e147627 _aMAIN |
||
| 041 | _aEnglish | ||
| 082 | _a301.045 B431M | ||
| 100 | _aBendix, Reinhard | ||
| 245 | 0 | _aMax Weber | |
| 260 |
_aBerkeley _bUniversity of California Press _c1977 |
||
| 300 | _a522 p. | ||
| 942 | _cBK | ||
| 999 |
_c176704 _d176704 |
||